000 02117agaaa2200337 4500
001 7126
003 IT-RoPAU
005 20220918181228.0
007 d cvaizq
008 50131s9999||||xx ||| | || ||und||
040 _aIT-RoPAU
_cIT-RoPAU
041 _aITALIANO
100 _aSzabo' Istvan
_gCodice regista SPICS: 1650
_939480
130 _aDIVA JULIA (LA)
_939481
240 _aBEING JULIA
_gT3657
245 _aDIVA JULIA (LA)
_cProdotto da: Lantos Robert -- Sceneggiatura: Harwood Roland -- Diretto da: Szabo' Istvan
_pDIVA JULIA (LA) (Rif. Codice opera principale : H7126)
246 _aBEING JULIA
250 _aEdizione Standard
260 _a(CANADA - USA - UK)
_bSERENDIPITY POINT FILM - FIRST CHOICE FIL / Distribuzione: MESSAGGERIE MUSICALI
_g"2004 (1° ed.: 2007 ; Ed. Lingua Orig.: 2004)"
300 _aDVD
_bsonoro, col.
_c105 minuti
508 _a"Fotografia: Koltai Lajos; Montaggio: Shipton Susan; Musica: Danna Michael; Sceneggiatura: Harwood Roland; Scenografia: Arrighi Luciana; "
511 _a"Bening Annette; Irons Jeremy; Greenwood Bruce; Margolyes Miriam; Stevenson Juliet"
520 _a"NELLA LONDRA ANNI TRENTA, JULIA LAMBERT E' UNA DIVA DEL PALCOSCENICO AL CULMINE DELLA CARRIERA. SI INNAMORA DI TOM, UN RAGAZZO AMERICANO, CON IL QUALE INIZIA UNA RELAZIONE INTENSA E APPASSIONATA. QUANDO SCOPRE CHE IN REALTA'LUI LE SI E' AVVICINATO SOLO PER TENTARE L'ARRAMPICATA SOCIALE, E CHE E' INNAMORATO DELLA GIOVANE ATTRICE AVICE CRICHTON, LA GELOSIA LA PORTA AD ELABORARE UN PIANO DI SPIETATA VENDETTA. CONTENUTI EXTRA: MAKING OF; INTERVISTEAL CAST; SCENE TAGLIATE; RIPRESE SUL SET; TRAILER E SPOT. GOLDEN GLOBE 2005 AD ANNETTE BENING COME MIGLIORE ATTRICE PROTAGONISTA. GELOSIA; RECITAZIONE; TEATRO."
538 _aPAL, STEREO
546 _aITALIANO
650 _aCOMMEDIA
_eDVD-FILM [DVD]
_xCodice MATERIA SPICS: 9947
_936668
700 _aDanna Michael
_e(musica)
_gCodice Musica SPICS: 48264
_939482
700 _aMaugham Somerset
_e(soggetto)
_gCodice Soggetto SPICS: 17457
_939483
700 _aSzabo' Istvan
_e(regista)
_gCodice regista SPICS: 1650
_939484
942 _cDV
_2ddc
999 _c105102
_d105102